| 000 | 00885nas a2200301 4500 | ||
|---|---|---|---|
| 001 | BR0803820 | ||
| 003 | BR-BrBNA | ||
| 005 | 20231205112329.0 | ||
| 007 | ta | ||
| 008 | 230509b bl.|||p| |||| 00| 00por d | ||
| 040 |
_aBR-BrBNA _bpor _cBiblioteca Nacional de Agricultura |
||
| 041 | _a(Pt) | ||
| 072 | _aF01 | ||
| 100 | 1 | _aHojo, R.H. | |
| 100 | 1 | _aChalfun, N.N.J. | |
| 100 | 1 | _aHojo, E.T.D. | |
| 100 | 1 | _aVeiga, R.D. | |
| 100 | 1 | _aPaglis, C.M. | |
| 100 | 1 | _aLima, L.C. de O. | |
| 245 | 1 | _aProdução e qualidade dos frutos da goiabeira "Pedro Sato" submetida a diferentes épocas de poda | |
| 650 | _aGOIABA | ||
| 650 | _aPODA | ||
| 650 | _aVARIEDADE | ||
| 650 | _aQUALIDADE | ||
| 773 | 0 |
_tPesquisa Agropecuária Brasileira (Brazil) _xISSN 0100-204X _g(Mar 2007), v. 42(3) p. 357-362 _wBR0803820 |
|
| 909 |
_a202311 _bLúcia _c55 _dLúcia Elande |
||
| 942 |
_2AGRIS _n0 _cANA |
||
| 999 |
_c197469 _d197469 |
||